000 02383nam0a22004211 4500
001 rc\2277554
005 20110829191351.2
035 _a(NLR Aleph) 006557365
090 _a6806287
_c6806287
100 _a20110829d1979 |||y0rusy50 ca
101 0 _arus
102 _aRU
105 _aa z |||||
200 1 _aОсновные закономерности развития и металлогения областей тектоно-магматической активизации юга Азиатской части СССР
_dThe main regularities of evolution and metallogeny of regions of tectono-magmatic activization of the South of the Asian part of the USSR
_f[В.А. Амантов, Е.В. Быковская, Г.А. Генко и др.
_gОтв. ред. В.К. Путинцев, Г.Н. Шапошников
_gПредисл. В.К. Путинцева и др.]
210 _aЛенинград
_cНедра. Ленингр. отд-ние
_d1979
215 _a303 с., 2 отд. л. схем.
_cсхем.
_d22
300 _aАвт. указаны на обороте тит. л.
300 _aВ надзаг.: Всесоюз. н.-и. геол. ин-т
320 _aБиблиогр.: с. 284-299 (399 назв.)
510 0 _aThe main regularities of evolution and metallogeny of regions of tectono-magmatic activization of the South of the Asian part of the USSR
_zrus
606 _aМеталлогения
_yЮг Азиатской части СССР
_2psbo
606 _aГеология
_yЮг Азиатской части СССР
_2psbo
686 _aД9(25)451....,0
_2rubbk
686 _aД9(25)3...,0
_2rubbk
686 _aД451-0....,0
_2rubbk
701 1 _aГенко
_bГ. А.
701 1 _aАмантов
_bВ. А.
_gВладислав Алексеевич
701 1 _aБыковская
_bЕ. В.
702 1 _aПутинцев
_bВ. К.
_gВладимир Константинович
_4570
702 1 _aШапошников
_bГ. Н.
_4340
712 0 2 _aВсесоюзный научно-исследовательский геологический институт им. А. П. Карпинского
_cЛенинград
_3RU\NLR\AUTH\889983128
801 0 _aRU
_bNLR
_gpsbo
801 1 _aRU
_bELAR
_2rusmarc
852 _aNLR
_j79-5/6389
899 _aRuMoRGB
_jБ 79-32/170
899 _aRuMoRGB
_jБ 79-32/171
942 _cBOOK
980 _aNB